[Event "Magyar rapid bajnokság"]
[Site "Ajka"]
[Date "2020.07.19"]
[Round "10.13"]
[White "Mester, Gyula"]
[Black "Ongut, Tamas Gunes"]
[Result "1-0"]
[WhiteElo "2426"]
[BlackElo "1979"]
[PlyCount "109"]
[EventDate "2020.07.17"]
[EventType "swiss"]
[EventRounds "13"]
[EventCountry "HUN"]

1. d4 Nf6 2. g3 d5 3. Bg2 c5 4. Nf3 cxd4 5. Nxd4 e5 6. Nf3 Nc6 7. O-O h6 8. c4
Be6 9. cxd5 Nxd5 10. b3 Be7 11. Bb2 Bf6 12. Nbd2 e4 13. Bxf6 Nxf6 14. Ne1 Qd5
15. Nc4 O-O 16. Qxd5 Bxd5 17. Nc2 b5 18. Nd6 a6 19. Ne3 Nd4 20. Rfd1 Nxe2+ 21.
Kf1 Nc3 22. Rdc1 b4 23. Nxd5 Nfxd5 24. Nxe4 Rad8 25. Nc5 Nc7 26. a3 N3d5 27.
axb4 Nxb4 28. Rc4 Ncd5 29. Ra4 a5 30. Rxa5 Nc6 31. Ra1 Ne5 32. Nb7 Rd7 33. Rc5
Rxb7 34. Bxd5 Rb6 35. f4 Nd3 36. Rc7 Nb4 37. Bc4 Nc2 38. Rxf7 Ne3+ 39. Kf2 Nxc4
40. Rxf8+ Kxf8 41. bxc4 Rb2+ 42. Kf3 Rc2 43. Ra4 Rxh2 44. Ke4 Ke7 45. Kf5 h5
46. Ra7+ Kd6 47. Rxg7 Kc5 48. Rc7+ Kd6 49. Rh7 Kc5 50. g4 h4 51. g5 Kxc4 52. g6
Kd5 53. Kf6 Ra2 54. g7 Ra6+ 55. Kg5 1-0

[Event "Magyar rapid bajnokság"]
[Site "Ajka"]
[Date "2020.07.19"]
[Round "10.15"]
[White "Gombocz, Ferenc Jr"]
[Black "Emodi, Barnabas"]
[Result "0-1"]
[WhiteElo "1943"]
[BlackElo "2339"]
[PlyCount "122"]
[EventDate "2020.07.17"]
[EventType "swiss"]
[EventRounds "13"]
[EventCountry "HUN"]

1. c4 Nc6 2. g3 Nf6 3. Bg2 e5 4. Nc3 Bc5 5. e3 O-O 6. Nge2 d6 7. d4 Bb6 8. O-O
h6 9. h3 Re8 10. f4 exd4 11. exd4 Bf5 12. a3 a5 13. Kh2 a4 14. d5 Na5 15. Nxa4
Nxc4 16. Nxb6 Nxb6 17. Nc3 Ne4 18. Qd3 Nxc3 19. Qxf5 Nca4 20. Qc2 Qf6 21. Ra2
Qe7 22. Bd2 Qe2 23. b3 Nc5 24. b4 Nd3 25. Raa1 Nxd5 26. Qd1 Qxd1 27. Rfxd1 Nb2
28. Bxd5 Nxd1 29. Rxd1 Rxa3 30. Re1 Rxe1 31. Bxe1 c6 32. Bg2 Ra2 33. Kg1 Kf8
34. Kf1 Ke7 35. b5 Kd7 36. bxc6+ bxc6 37. g4 f6 38. Bf3 d5 39. Bb4 Ra4 40. Bf8
Rxf4 41. Ke2 g5 42. Bxh6 Ra4 43. Bf8 Ke6 44. Bc5 Ra5 45. Bb4 Rb5 46. Bc3 c5 47.
Kd3 d4 48. Bd2 Rb3+ 49. Ke4 c4 50. Be2 d3 51. Bf1 c3 52. Bxd3 Rb4+ 53. Ke3 cxd2
54. Kxd2 Ke5 55. Ke3 Rb3 56. Ke2 Kd4 57. Bf5 Rxh3 58. Kf2 Ke5 59. Kg2 Rc3 60.
Kf2 Kf4 61. Kg2 Rg3+ 0-1

[Event "Magyar rapid bajnokság"]
[Site "Ajka"]
[Date "2020.07.19"]
[Round "10.16"]
[White "Egresi, Mate"]
[Black "Karacsonyi, Gellert"]
[Result "0-1"]
[WhiteElo "2299"]
[BlackElo "2167"]
[PlyCount "76"]
[EventDate "2020.07.17"]
[EventType "swiss"]
[EventRounds "13"]
[EventCountry "HUN"]

1. d4 Nf6 2. c4 e6 3. Nf3 d5 4. Nc3 dxc4 5. e4 b5 6. e5 Nd5 7. Nxb5 Nb6 8. a4
Nc6 9. a5 Ba6 10. Na3 Bb4+ 11. Bd2 Nd5 12. Nxc4 O-O 13. Be2 Nf4 14. Bxb4 Nxb4
15. O-O Nc6 16. Qd2 Nxd4 17. Nxd4 Qxd4 18. Bf3 Qxc4 19. Bxa8 Rxa8 20. Rfd1 h6
21. Ra3 Bb7 22. f3 Qc5+ 23. Qe3 Qc2 24. Qd2 Qf5 25. Re3 Bd5 26. Kh1 Rb8 27. Rc1
Qg5 28. Rec3 c6 29. Re1 Qf5 30. Qc2 Qxc2 31. Rxc2 Rb5 32. Ra1 Nd3 33. Re2 Nxb2
34. Rb1 Nc4 35. Rxb5 cxb5 36. a6 b4 37. Kg1 b3 38. Re1 Nd2 0-1

[Event "Magyar rapid bajnokság"]
[Site "Ajka"]
[Date "2020.07.19"]
[Round "10.17"]
[White "Balogh, Csaba"]
[Black "Terbe, Julianna"]
[Result "1-0"]
[WhiteElo "2653"]
[BlackElo "2182"]
[PlyCount "73"]
[EventDate "2020.07.17"]
[EventType "swiss"]
[EventRounds "13"]
[EventCountry "HUN"]

1. e4 e5 2. Nf3 Nc6 3. Bb5 a6 4. Ba4 Nf6 5. d3 d6 6. c4 g6 7. h3 Bg7 8. Nc3 O-O
9. O-O h6 10. Be3 Nd7 11. Bxc6 bxc6 12. d4 exd4 13. Bxd4 c5 14. Bxg7 Kxg7 15.
Nd5 Nf6 16. Re1 Nxd5 17. cxd5 Rb8 18. Qc2 Qf6 19. e5 dxe5 20. Nxe5 Re8 21. Qc3
Bf5 22. Rad1 Re7 23. f4 Rbe8 24. Qxc5 Bxh3 25. Rf1 Bf5 26. d6 cxd6 27. Rxd6 Re6
28. Rfd1 Rxd6 29. Rxd6 Qh4 30. Qf2 Qh5 31. Qd4 Kh7 32. Rf6 Kg7 33. Rxf7+ Kg8
34. Qa7 Qd1+ 35. Kh2 Qh5+ 36. Kg3 Be6 37. Rg7+ 1-0

[Event "Magyar rapid bajnokság"]
[Site "Ajka"]
[Date "2020.07.19"]
[Round "10.18"]
[White "Borhy, Marcell"]
[Black "Balog, Imre"]
[Result "0-1"]
[WhiteElo "2132"]
[BlackElo "2626"]
[PlyCount "64"]
[EventDate "2020.07.17"]
[EventType "swiss"]
[EventRounds "13"]
[EventCountry "HUN"]

1. d4 d5 2. c4 c6 3. cxd5 cxd5 4. Nc3 Nc6 5. Bf4 e5 6. dxe5 d4 7. Ne4 Qa5+ 8.
Nd2 Nge7 9. Ngf3 Nd5 10. Bg3 Be6 11. a3 Ne3 12. fxe3 dxe3 13. b4 exd2+ 14. Nxd2
Qb6 15. Ne4 Nxb4 16. Nd6+ Bxd6 17. exd6 Nc6 18. Rb1 Qa5+ 19. Qd2 Qxa3 20. Rxb7
O-O 21. e3 Rab8 22. Rxb8 Rxb8 23. Bd3 Rb2 24. Qc1 Nb4 25. Be4 Rb1 26. Qxb1
Qxe3+ 27. Kd1 Bb3+ 28. Qxb3 Qxb3+ 29. Ke2 Qe6 30. Kf3 f5 31. Bb1 Qd5+ 32. Kf2
g5 0-1

[Event "Magyar rapid bajnokság"]
[Site "Ajka"]
[Date "2020.07.19"]
[Round "10.19"]
[White "Horvath, Peter"]
[Black "Nogrady, Vilmos"]
[Result "1-0"]
[WhiteElo "2466"]
[BlackElo "2128"]
[PlyCount "59"]
[EventDate "2020.07.17"]
[EventType "swiss"]
[EventRounds "13"]
[EventCountry "HUN"]

1. d4 d5 2. c4 e6 3. Nc3 Nf6 4. cxd5 exd5 5. Bg5 Be7 6. Qc2 c6 7. e3 O-O 8. Bd3
Nbd7 9. Nf3 Re8 10. O-O Nf8 11. Rab1 Bg4 12. Ne5 Bh5 13. b4 a6 14. a4 N6d7 15.
Bxe7 Qxe7 16. Nxd7 Nxd7 17. Bxh7+ Kh8 18. Bf5 Nb6 19. Bd3 Qg5 20. Ne2 Re6 21.
Ng3 Bg6 22. Bxg6 Rxg6 23. b5 axb5 24. axb5 Nc4 25. bxc6 bxc6 26. Rb7 Nd6 27.
Rc7 Ne4 28. Rxc6 Nxg3 29. hxg3 Ra6 30. Rxa6 1-0

[Event "Magyar rapid bajnokság"]
[Site "Ajka"]
[Date "2020.07.19"]
[Round "10.20"]
[White "Korpa, Bence"]
[Black "Margl, Roland"]
[Result "1-0"]
[WhiteElo "2427"]
[BlackElo "2120"]
[PlyCount "65"]
[EventDate "2020.07.17"]
[EventType "swiss"]
[EventRounds "13"]
[EventCountry "HUN"]

1. e4 c5 2. Nf3 Nc6 3. c3 Nf6 4. e5 Nd5 5. Bc4 Nb6 6. Bb3 d5 7. d3 Bg4 8. Bf4
e6 9. Nbd2 Be7 10. O-O O-O 11. Re1 Bf5 12. Nf1 c4 13. Bc2 cxd3 14. Bxd3 Bxd3
15. Qxd3 Rc8 16. Ng3 Nd7 17. Re2 a6 18. Rae1 b5 19. a3 Nc5 20. Qb1 a5 21. Nh5
b4 22. cxb4 axb4 23. a4 Nxa4 24. h4 Bxh4 25. Bh6 f5 26. Nxg7 Rf7 27. Nxe6 Qe8
28. Ng7 Rxg7 29. Bxg7 Kxg7 30. Nxh4 Nd4 31. Nxf5+ Nxf5 32. Qxf5 Rc6 33. e6 1-0

[Event "Magyar rapid bajnokság"]
[Site "Ajka"]
[Date "2020.07.19"]
[Round "10.21"]
[White "Havanecz, Bianka"]
[Black "Varga, Peter"]
[Result "1/2-1/2"]
[WhiteElo "2122"]
[BlackElo "2323"]
[PlyCount "46"]
[EventDate "2020.07.17"]
[EventType "swiss"]
[EventRounds "13"]
[EventCountry "HUN"]

1. d4 d5 2. c4 c6 3. Nf3 Nf6 4. Nc3 dxc4 5. a4 Bf5 6. e3 e6 7. Bxc4 Bb4 8. O-O
O-O 9. Qe2 Bg4 10. h3 Bxf3 11. Qxf3 Nbd7 12. Rd1 Qc7 13. Ne4 Nxe4 14. Qxe4 Rad8
15. Qh4 Nf6 16. e4 e5 17. Bg5 Be7 18. Bxf6 Bxf6 19. Qg3 Qa5 20. d5 cxd5 21.
Bxd5 Qb4 22. Qc3 Qxc3 23. bxc3 b6 1/2-1/2

[Event "Magyar rapid bajnokság"]
[Site "Ajka"]
[Date "2020.07.19"]
[Round "10.23"]
[White "Deak, Sandor"]
[Black "Szilagyi, Norbert"]
[Result "1-0"]
[WhiteElo "2281"]
[BlackElo "1912"]
[PlyCount "139"]
[EventDate "2020.07.17"]
[EventType "swiss"]
[EventRounds "13"]
[EventCountry "HUN"]

1. d4 Nf6 2. c4 e6 3. Nc3 Bb4 4. Qc2 O-O 5. a3 Bxc3+ 6. Qxc3 Ne4 7. Qc2 f5 8.
Nf3 b6 9. g3 Bb7 10. Bg2 Qc8 11. O-O d6 12. b4 Nd7 13. Bb2 Ndf6 14. Rad1 a5 15.
Ra1 Ra7 16. Rac1 Qa8 17. b5 c6 18. bxc6 Bxc6 19. d5 exd5 20. Nd4 dxc4 21. f3
Nc5 22. Nxc6 Qxc6 23. Qxc4+ d5 24. Qc2 Qe6 25. Rfd1 Re7 26. Rd2 Qe3+ 27. Kh1 f4
28. Bd4 Qe6 29. gxf4 Nh5 30. e3 Rc7 31. Qd1 Rfc8 32. Qf1 Rd8 33. Bh3 Qf7 34.
Rdc2 Qe7 35. Qg2 Nf6 36. Bf5 Re8 37. Qg5 Rc6 38. Rg1 Qf7 39. Rcg2 Re7 40. Qh4
Ncd7 41. h3 Kf8 42. Bxh7 Qh5 43. Qxh5 Nxh5 44. Bg6 Nhf6 45. h4 Ng8 46. h5 Ndf6
47. Bd3 Nxh5 48. Rh2 Nhf6 49. Rh8 Rec7 50. Bb2 Ne8 51. Be5 Rb7 52. Bb5 Rh6+ 53.
Rxh6 Nxh6 54. Rg6 Nf5 55. e4 dxe4 56. fxe4 Ne7 57. Rg2 Nf6 58. Re2 Ng4 59. Bd6
Nh6 60. f5 Nf7 61. Bf4 Nd8 62. Bd6 Nf7 63. Bf4 Nd8 64. Kg2 Ndc6 65. Rd2 Ra7 66.
Kg3 a4 67. Rd6 Na5 68. Rxb6 Nb3 69. Rb8+ Kf7 70. Bc4+ 1-0

[Event "Magyar rapid bajnokság"]
[Site "Ajka"]
[Date "2020.07.19"]
[Round "10.24"]
[White "Zentai, Peter"]
[Black "Udvardi, Zalan"]
[Result "0-1"]
[WhiteElo "2267"]
[BlackElo "2078"]
[PlyCount "56"]
[EventDate "2020.07.17"]
[EventType "swiss"]
[EventRounds "13"]
[EventCountry "HUN"]

1. d4 Nf6 2. c4 e6 3. Nc3 Bb4 4. Qc2 O-O 5. e4 d5 6. e5 Ne4 7. Bd3 c5 8. Nf3
cxd4 9. Nxd4 Nd7 10. Bf4 Ndc5 11. O-O Bxc3 12. bxc3 Bd7 13. Be2 Na4 14. cxd5
exd5 15. c4 Rc8 16. Rfe1 Nec3 17. Bd3 dxc4 18. Bxh7+ Kh8 19. e6 Bxe6 20. Nxe6
fxe6 21. Be5 Nd5 22. Bxg7+ Kxg7 23. Qg6+ Kh8 24. Bg8 Qh4 25. Bxe6 Nf4 26. Qe4
Rce8 27. Qxc4 Rxe6 28. Rxe6 Nh3+ 0-1

[Event "Magyar rapid bajnokság"]
[Site "Ajka"]
[Date "2020.07.19"]
[Round "10.25"]
[White "Varga, Marcell"]
[Black "Hardicsay, Peter"]
[Result "0-1"]
[WhiteElo "1685"]
[BlackElo "2240"]
[PlyCount "90"]
[EventDate "2020.07.17"]
[EventType "swiss"]
[EventRounds "13"]
[EventCountry "HUN"]

1. d4 Nf6 2. Nf3 e6 3. g3 c5 4. Bg2 cxd4 5. Nxd4 d5 6. O-O Be7 7. c4 O-O 8.
cxd5 Nxd5 9. e4 Nb4 10. Nc3 N8c6 11. Nb3 b6 12. a3 Na6 13. Qe2 Nc5 14. Rd1 Qe8
15. Nxc5 bxc5 16. Nb5 Ba6 17. a4 Nd4 18. Qc4 Nxb5 19. axb5 Bxb5 20. Qc2 a6 21.
Be3 Rc8 22. e5 Rc7 23. Be4 h6 24. Qc1 f5 25. exf6 Bxf6 26. Bf4 e5 27. Be3 c4
28. Bb6 Rc8 29. Bb7 Rb8 30. Bd5+ Kh8 31. Bc5 Be7 32. Ba7 Rc8 33. Qe3 Bg5 34.
Qe4 Qe7 35. Bd4 exd4 36. Qxd4 Bf6 37. Qd2 c3 38. Qf4 cxb2 39. Rab1 Bg5 40. Qg4
Bc1 41. Be4 Qf6 42. f4 Bc6 43. Bc2 Bb7 44. Qe2 Qb6+ 45. Kf1 Qc6 0-1

[Event "Magyar rapid bajnokság"]
[Site "Ajka"]
[Date "2020.07.19"]
[Round "11.1"]
[White "Banusz, Tamas"]
[Black "Kantor, Gergely"]
[Result "1/2-1/2"]
[WhiteElo "2614"]
[BlackElo "2424"]
[PlyCount "38"]
[EventDate "2020.07.17"]
[EventType "swiss"]
[EventRounds "13"]
[EventCountry "HUN"]

1. d4 Nf6 2. Nf3 d5 3. g3 g6 4. Bg2 Bg7 5. c4 c6 6. b3 dxc4 7. bxc4 c5 8. Bb2
O-O 9. O-O cxd4 10. Nxd4 Qb6 11. Qc1 Bd7 12. Nd2 Nc6 13. e3 Rac8 14. Rb1 Qa6
15. Bc3 Rfd8 16. Rb3 b6 17. Qb2 Nxd4 18. Bxd4 Bc6 19. Bxc6 Rxc6 1/2-1/2

[Event "Magyar rapid bajnokság"]
[Site "Ajka"]
[Date "2020.07.19"]
[Round "11.2"]
[White "Berkes, Ferenc"]
[Black "Kozak, Adam"]
[Result "1-0"]
[WhiteElo "2688"]
[BlackElo "2438"]
[PlyCount "53"]
[EventDate "2020.07.17"]
[EventType "swiss"]
[EventRounds "13"]
[EventCountry "HUN"]

1. d4 Nf6 2. Nf3 d5 3. Bf4 e6 4. e3 Bd6 5. Nbd2 c5 6. dxc5 Bxf4 7. exf4 Qc7 8.
g3 Qxc5 9. Bd3 O-O 10. O-O b6 11. Re1 Ba6 12. Nb3 Qc7 13. Nbd4 Bxd3 14. cxd3
Nbd7 15. Rc1 Qb7 16. f5 exf5 17. Nxf5 Nc5 18. Re7 Qa6 19. Qd2 Ne6 20. Rc6 Qa4
21. Ne5 Nd4 22. Nh6+ Kh8 23. Nexf7+ Rxf7 24. Nxf7+ Kg8 25. Nh6+ Kh8 26. Rxf6
gxf6 27. Qf4 1-0

[Event "Magyar rapid bajnokság"]
[Site "Ajka"]
[Date "2020.07.19"]
[Round "11.3"]
[White "Erdos, Viktor"]
[Black "Meszaros, Tamas"]
[Result "1-0"]
[WhiteElo "2580"]
[BlackElo "2401"]
[PlyCount "51"]
[EventDate "2020.07.17"]
[EventType "swiss"]
[EventRounds "13"]
[EventCountry "HUN"]

1. Nf3 d5 2. d4 Nf6 3. c4 e6 4. g3 dxc4 5. Bg2 Bd7 6. Nbd2 Bb4 7. Qc2 b5 8. O-O
Bc6 9. a4 a6 10. axb5 axb5 11. Rxa8 Bxa8 12. Nxc4 Bxf3 13. Bxf3 Qxd4 14. Na3
Qb6 15. Be3 c5 16. Qb3 Nbd7 17. Nc2 Qd6 18. Nxb4 cxb4 19. Rd1 Qe7 20. Bd2 O-O
21. Bxb4 Nc5 22. Qa3 Rc8 23. Bxc5 Rxc5 24. Qa8+ Ne8 25. Bc6 Kf8 26. Bxe8 1-0

[Event "Magyar rapid bajnokság"]
[Site "Ajka"]
[Date "2020.07.19"]
[Round "11.4"]
[White "Mihok, Oliver"]
[Black "Antal, Gergely"]
[Result "1-0"]
[WhiteElo "2508"]
[BlackElo "2537"]
[PlyCount "129"]
[EventDate "2020.07.17"]
[EventType "swiss"]
[EventRounds "13"]
[EventCountry "HUN"]

1. e4 c6 2. d4 d5 3. Nd2 dxe4 4. Nxe4 Nf6 5. Nxf6+ exf6 6. c3 Bd6 7. Bd3 O-O 8.
Ne2 Re8 9. Qc2 h5 10. O-O h4 11. Bf4 Be6 12. h3 Qc7 13. Qd2 Nd7 14. Rfe1 Nf8
15. Bxd6 Qxd6 16. Qf4 Qxf4 17. Nxf4 g6 18. Re3 Kg7 19. Rae1 f5 20. Bc4 Kf6 21.
d5 Bd7 22. dxc6 bxc6 23. b4 Rxe3 24. Rxe3 a5 25. a3 axb4 26. cxb4 g5 27. Ne2
Be6 28. Bxe6 Nxe6 29. Rc3 Ke5 30. Re3+ Kf6 31. Rc3 Rd8 32. f3 Rd2 33. Kf1 Ke7
34. a4 Rb2 35. Rc4 Kd6 36. a5 Kd5 37. Rc1 Rxb4 38. a6 Rb8 39. Rd1+ Ke5 40. a7
Ra8 41. Rd7 f6 42. Kf2 Nc5 43. Rc7 Kd6 44. Rf7 Nd7 45. f4 gxf4 46. Rh7 Rxa7 47.
Rxh4 f3 48. Kxf3 Ne5+ 49. Kf2 c5 50. Rh6 Nd7 51. h4 c4 52. h5 Rc7 53. Nc3 Ke5
54. Rh7 Rb7 55. h6 Ke6 56. Rg7 Rb8 57. h7 Rh8 58. Ne2 Kd6 59. Nf4 Nf8 60. Rg8
Rxh7 61. Rxf8 Rc7 62. Ke3 c3 63. Rxf6+ Kd7 64. Rf7+ Kd6 65. Rxc7 1-0

[Event "Magyar rapid bajnokság"]
[Site "Ajka"]
[Date "2020.07.19"]
[Round "11.5"]
[White "Horvath, Jozsef"]
[Black "Papp, Gabor"]
[Result "1/2-1/2"]
[WhiteElo "2438"]
[BlackElo "2603"]
[PlyCount "68"]
[EventDate "2020.07.17"]
[EventType "swiss"]
[EventRounds "13"]
[EventCountry "HUN"]

1. Nf3 c5 2. c4 Nc6 3. Nc3 Nf6 4. e3 g6 5. d4 cxd4 6. exd4 d5 7. Bg5 Be6 8.
Bxf6 exf6 9. c5 Bg7 10. h3 O-O 11. Bb5 Ne7 12. O-O b6 13. b4 bxc5 14. bxc5 Qa5
15. Qd2 Rab8 16. Nxd5 Qxd2 17. Nxe7+ Kh8 18. Nxd2 Rxb5 19. d5 Re8 20. dxe6 Rxe7
21. exf7 Rxc5 22. Rac1 Rxc1 23. Rxc1 Rxf7 24. Rc8+ Bf8 25. Nc4 Kg7 26. Kf1 h5
27. a4 Bb4 28. Ke2 Re7+ 29. Kf3 f5 30. a5 Rd7 31. Ne5 Rd5 32. Rc7+ Kf6 33. Nc6
Bxa5 34. Rxa7 Bc3 1/2-1/2

[Event "Magyar rapid bajnokság"]
[Site "Ajka"]
[Date "2020.07.19"]
[Round "11.6"]
[White "Nagy, Gabor"]
[Black "Mester, Gyula"]
[Result "0-1"]
[WhiteElo "2523"]
[BlackElo "2426"]
[PlyCount "100"]
[EventDate "2020.07.17"]
[EventType "swiss"]
[EventRounds "13"]
[EventCountry "HUN"]

1. d4 d5 2. c4 c6 3. Nf3 Nf6 4. Nc3 g6 5. e3 Bg7 6. Be2 O-O 7. O-O Nbd7 8. Qb3
Nb6 9. cxd5 Nfxd5 10. e4 Nxc3 11. bxc3 Be6 12. Qc2 Bc4 13. Rd1 Qc7 14. Ba3 Rfd8
15. e5 Bxe2 16. Qxe2 Nd5 17. Rac1 Qa5 18. Qb2 b5 19. Bc5 Bf8 20. g3 Rab8 21. a3
e6 22. Bxf8 Rxf8 23. Ng5 Qd8 24. Ne4 f5 25. exf6 Nxf6 26. Nc5 Qd5 27. Qe2 Rbe8
28. Nd3 Ne4 29. f4 Nxc3 30. Rxc3 Qxd4+ 31. Kg2 Qxc3 32. Ne5 Rd8 33. Rxd8 Rxd8
34. Kh3 Rd2 35. Qg4 Qb3 36. Qg5 Qc2 37. Nf3 Rd5 38. Qe7 Qf5+ 39. Kg2 Qf7 40.
Qb4 Qd7 41. h4 c5 42. Qe4 c4 43. g4 c3 44. Kg3 Rd3 45. Qa8+ Kg7 46. h5 gxh5 47.
gxh5 c2 48. h6+ Kxh6 49. Kh4 Qe7+ 50. Ng5 c1=Q 0-1

[Event "Magyar rapid bajnokság"]
[Site "Ajka"]
[Date "2020.07.19"]
[Round "11.7"]
[White "Emodi, Barnabas"]
[Black "Czebe, Attila"]
[Result "1/2-1/2"]
[WhiteElo "2339"]
[BlackElo "2517"]
[PlyCount "89"]
[EventDate "2020.07.17"]
[EventType "swiss"]
[EventRounds "13"]
[EventCountry "HUN"]

1. d4 d6 2. e4 g6 3. Nf3 Nf6 4. Bd3 Bg7 5. h3 O-O 6. O-O Nbd7 7. c3 e5 8. Re1
c6 9. a4 Qc7 10. Nbd2 Re8 11. Bc2 b6 12. b3 Bb7 13. dxe5 dxe5 14. Nc4 Bf8 15.
b4 Rad8 16. Qe2 Nh5 17. g3 Bg7 18. Bb3 Nf8 19. Bg5 Rd7 20. Red1 Bc8 21. Kh2 h6
22. Be3 Kh7 23. Rxd7 Qxd7 24. Ng1 Qe7 25. a5 b5 26. Bc5 Qc7 27. Nd6 Rd8 28.
Nxc8 Rxc8 29. Rd1 a6 30. Qa2 Nf6 31. Qe2 Kg8 32. Bd6 Qa7 33. Kg2 Ne8 34. Bc5
Qb7 35. Nf3 Nd7 36. Be3 Nef6 37. Qa2 Rf8 38. Nh4 Nxe4 39. Nxg6 Nxc3 40. Nxf8
Nxf8 41. Qd2 Nxd1 42. Qxd1 Qd7 43. Qh5 Qb7 44. Qd1 Qe7 45. Qc1 1/2-1/2

[Event "Magyar rapid bajnokság"]
[Site "Ajka"]
[Date "2020.07.19"]
[Round "11.8"]
[White "Farago, Sandor"]
[Black "Aczel, Gergely"]
[Result "0-1"]
[WhiteElo "2271"]
[BlackElo "2506"]
[PlyCount "116"]
[EventDate "2020.07.17"]
[EventType "swiss"]
[EventRounds "13"]
[EventCountry "HUN"]

1. e4 c5 2. Nf3 d6 3. d4 cxd4 4. Nxd4 Nf6 5. Nc3 a6 6. Bg5 e6 7. Qd2 h6 8. Bxf6
Qxf6 9. O-O-O g5 10. g3 Bd7 11. Bg2 Nc6 12. Nxc6 Bxc6 13. Rhe1 O-O-O 14. Kb1
Bg7 15. Re3 g4 16. Rd3 h5 17. Qe3 Qe5 18. f4 gxf3 19. Bxf3 h4 20. Qb6 hxg3 21.
hxg3 Qc5 22. Qb3 Be5 23. Ne2 Bb5 24. R3d2 Bc4 25. Qa4 Rh2 26. a3 Bb5 27. Qb4
Qxb4 28. axb4 Rf2 29. Ng1 Rxd2 30. Rxd2 Bxg3 31. Rg2 Be5 32. Ne2 Rh8 33. Ka2
Kd7 34. b3 Rh1 35. Ng1 Ke7 36. c4 Bc6 37. Rg8 Rh2+ 38. Rg2 f5 39. b5 axb5 40.
cxb5 Rxg2+ 41. Bxg2 Bxe4 42. Bf1 d5 43. Be2 Kd6 44. b4 d4 45. Kb3 Bd5+ 46. Kc2
Bf6 47. Bd3 Be4 48. Nh3 Bxd3+ 49. Kxd3 e5 50. Kc4 b6 51. Ng1 e4 52. Ne2 Be5 53.
Ng1 f4 54. Nh3 Ke6 55. Nf2 Kf5 56. Kd5 e3 57. Nd3 f3 58. Nxe5 f2 0-1

[Event "Magyar rapid bajnokság"]
[Site "Ajka"]
[Date "2020.07.19"]
[Round "11.9"]
[White "Karacsonyi, Gellert"]
[Black "Horvath, Adam"]
[Result "0-1"]
[WhiteElo "2167"]
[BlackElo "2496"]
[PlyCount "152"]
[EventDate "2020.07.17"]
[EventType "swiss"]
[EventRounds "13"]
[EventCountry "HUN"]

1. e4 c5 2. Nf3 e6 3. d4 cxd4 4. Nxd4 Nc6 5. Nc3 Qc7 6. Be3 a6 7. a3 Be7 8. f4
b5 9. Nxc6 dxc6 10. e5 Bb7 11. Bd3 c5 12. Be4 f5 13. Bxb7 Qxb7 14. O-O Nh6 15.
Qh5+ Nf7 16. a4 O-O 17. Qe2 b4 18. Nb1 Rad8 19. Nd2 Rd5 20. Nc4 Kh8 21. h3 Nd8
22. Qf3 Nc6 23. b3 Rfd8 24. Rad1 Qc7 25. Kh1 R8d7 26. Nb2 Qd8 27. Qe2 Qa8 28.
Kh2 Bf8 29. Nc4 Qb8 30. Rg1 Qd8 31. Nb2 Nd4 32. Bxd4 Rxd4 33. Rxd4 Rxd4 34. Rd1
g6 35. g3 Qd5 36. Rxd4 Qxd4 37. Nc4 Be7 38. Qd2 Qe4 39. Qg2 Qd4 40. Qd2 Qe4 41.
h4 Kg7 42. Ne3 Kh6 43. Qd3 Qc6 44. Nc4 Kg7 45. Nd2 Kf7 46. Nc4 h6 47. Nd2 g5
48. hxg5 hxg5 49. Qe2 Qd5 50. Qh5+ Kg7 51. Nf3 g4 52. Ng5 Qd2+ 53. Kh1 Qd1+ 54.
Kh2 Qxc2+ 55. Kh1 Qd1+ 56. Kh2 Qd2+ 57. Kh1 Qd5+ 58. Kh2 Bxg5 59. Qxg5+ Kf7 60.
Qh5+ Ke7 61. Qh7+ Kd8 62. Qa7 Qc6 63. Qb8+ Kd7 64. Qa7+ Kc8 65. Qe7 a5 66. Qf8+
Kb7 67. Qe7+ Ka6 68. Qd8 c4 69. bxc4 Qxc4 70. Qd6+ Kb7 71. Qd7+ Kb6 72. Qd6+
Qc6 73. Qd4+ Kb7 74. Qd3 Qd5 75. Qc2 Qd4 76. Qb3 Qf2+ 0-1

[Event "Magyar rapid bajnokság"]
[Site "Ajka"]
[Date "2020.07.19"]
[Round "11.10"]
[White "Kaczur, Florian"]
[Black "Fancsy, Imre"]
[Result "1-0"]
[WhiteElo "2454"]
[BlackElo "2414"]
[PlyCount "95"]
[EventDate "2020.07.17"]
[EventType "swiss"]
[EventRounds "13"]
[EventCountry "HUN"]

1. e4 c5 2. Ne2 e6 3. Nbc3 a6 4. d4 cxd4 5. Nxd4 Qc7 6. g3 Bb4 7. Bd2 Nf6 8.
Bg2 Be7 9. O-O Nc6 10. Nxc6 dxc6 11. Qe2 e5 12. a4 O-O 13. a5 Bg4 14. f3 Be6
15. Na4 Nd7 16. Qe3 Rad8 17. Rfd1 f6 18. b3 h6 19. Be1 Kh7 20. Qc3 Rfe8 21. Bf2
Qc8 22. Bf1 Nf8 23. Bc5 Rxd1 24. Rxd1 Rd8 25. Rd3 Rxd3 26. Bxd3 Qc7 27. Kg2 Bc8
28. Bc4 Bxc5 29. Nxc5 Qd6 30. b4 Qd1 31. Qd3 Qxd3 32. cxd3 g5 33. Kf2 Kg6 34.
Ke3 f5 35. d4 f4+ 36. gxf4 gxf4+ 37. Kd3 Kf6 38. d5 cxd5 39. Bxd5 Nd7 40. Nxb7
Nb8 41. Nc5 Kg5 42. Ke2 Kh4 43. Kf2 Kg5 44. Bc4 Kf6 45. b5 axb5 46. Bxb5 Ke7
47. a6 Nxa6 48. Bxa6 1-0

[Event "Magyar rapid bajnokság"]
[Site "Ajka"]
[Date "2020.07.19"]
[Round "11.11"]
[White "Ruck, Robert"]
[Black "Csonka, Balazs"]
[Result "1/2-1/2"]
[WhiteElo "2453"]
[BlackElo "2324"]
[PlyCount "32"]
[EventDate "2020.07.17"]
[EventType "swiss"]
[EventRounds "13"]
[EventCountry "HUN"]

1. Nf3 Nf6 2. g3 d5 3. Bg2 e6 4. O-O Be7 5. c4 O-O 6. b3 b6 7. Bb2 c5 8. cxd5
Nxd5 9. d4 Bb7 10. dxc5 Bxc5 11. Nc3 Nd7 12. a3 Rc8 13. Nxd5 Bxd5 14. b4 Be7
15. Qd2 Bxf3 16. exf3 Bf6 1/2-1/2

[Event "Magyar rapid bajnokság"]
[Site "Ajka"]
[Date "2020.07.19"]
[Round "11.12"]
[White "Deak, Sandor"]
[Black "Balogh, Csaba"]
[Result "0-1"]
[WhiteElo "2281"]
[BlackElo "2653"]
[PlyCount "82"]
[EventDate "2020.07.17"]
[EventType "swiss"]
[EventRounds "13"]
[EventCountry "HUN"]

1. d4 Nf6 2. c4 e6 3. Nc3 Bb4 4. Qc2 d6 5. e4 Nbd7 6. Bd3 c5 7. d5 Ne5 8. Nge2
b5 9. b3 bxc4 10. bxc4 Nfd7 11. O-O Nxd3 12. Qxd3 Ne5 13. Qg3 O-O 14. f4 Nxc4
15. f5 exf5 16. exf5 Bxc3 17. Nxc3 Qf6 18. Kh1 Bxf5 19. Bg5 Qg6 20. Qf4 Bd3 21.
Rf3 Ne5 22. Rg3 Qf5 23. Qd2 Rfe8 24. Bh6 g6 25. Bf4 c4 26. Nb5 Rad8 27. h3 a6
28. Bg5 axb5 29. Bxd8 Rxd8 30. a4 bxa4 31. Rxa4 Rb8 32. Rb4 Rc8 33. Qc3 Qf1+
34. Kh2 Qf4 35. Qe1 h5 36. Kg1 Ra8 37. Rb2 h4 38. Re3 Qd4 39. Qf2 Ra1+ 40. Kh2
Rf1 41. Rb8+ Kg7 0-1

[Event "Magyar rapid bajnokság"]
[Site "Ajka"]
[Date "2020.07.19"]
[Round "11.13"]
[White "Balog, Imre"]
[Black "Martini, Balazs"]
[Result "1-0"]
[WhiteElo "2626"]
[BlackElo "2228"]
[PlyCount "104"]
[EventDate "2020.07.17"]
[EventType "swiss"]
[EventRounds "13"]
[EventCountry "HUN"]

1. d4 Nf6 2. c4 g6 3. Nc3 Bg7 4. g3 O-O 5. Bg2 d6 6. Nf3 c6 7. O-O Bg4 8. h3
Bxf3 9. Bxf3 Nbd7 10. Qc2 e5 11. e3 Re8 12. d5 c5 13. e4 Rf8 14. Be2 Kh8 15.
Bg5 a6 16. Kg2 Qe8 17. Rae1 Ng8 18. Bd3 Ne7 19. Nd1 f6 20. Bd2 Rb8 21. f4 f5
22. exf5 Nxf5 23. Bxf5 Rxf5 24. Ne3 Rf8 25. Bc3 b5 26. b3 b4 27. Bb2 a5 28. Ng4
Qe7 29. Nh2 Rbe8 30. Nf3 Bf6 31. h4 Qg7 32. fxe5 Nxe5 33. Bxe5 Bxe5 34. Ng5 Qe7
35. Ne6 Rf6 36. Rxf6 Bxf6 37. Rf1 Be5 38. Qe4 Kg8 39. Rf3 Bg7 40. Qg4 Ra8 41.
h5 gxh5 42. Qxh5 a4 43. Rf4 axb3 44. axb3 Be5 45. Rf5 Ra2+ 46. Kh3 Ra8 47. Nxc5
dxc5 48. Rxe5 Qd7+ 49. Re6 Qf7 50. Qg5+ Qg7 51. Qe3 Qa1 52. Kh4 Rf8 1-0

[Event "Magyar rapid bajnokság"]
[Site "Ajka"]
[Date "2020.07.19"]
[Round "11.14"]
[White "Horvath, Peter"]
[Black "Korpa, Bence"]
[Result "1/2-1/2"]
[WhiteElo "2466"]
[BlackElo "2427"]
[PlyCount "53"]
[EventDate "2020.07.17"]
[EventType "swiss"]
[EventRounds "13"]
[EventCountry "HUN"]

1. d4 g6 2. c4 Bg7 3. Nf3 e6 4. Nc3 Ne7 5. Bg5 h6 6. Bh4 g5 7. Bg3 Nf5 8. e4
Nxg3 9. hxg3 d6 10. Be2 c5 11. d5 exd5 12. cxd5 O-O 13. Bd3 Bd7 14. a4 Na6 15.
Nd2 Nb4 16. Nc4 Nxd3+ 17. Qxd3 Qe7 18. O-O f5 19. Rae1 Rae8 20. exf5 Qxe1 21.
Rxe1 Rxe1+ 22. Kh2 Rxf5 23. Qd2 Rf1 24. Nxd6 R5xf2 25. Qe3 Bd4 26. Qe7 Rh1+ 27.
Kxh1 1/2-1/2